Germany: practical commercial law. (Record no. 94448)

MARC details
000 -LEADER
fixed length control field 00865cam a2200277 4500
008 - FIXED-LENGTH DATA ELEMENTS--GENERAL INFORMATION
fixed length control field 090401t1992 xxu||||| |||| 00| 0 eng d
020 ## - INTERNATIONAL STANDARD BOOK NUMBER
International Standard Book Number 0851217745
035 ## - SYSTEM CONTROL NUMBER
System control number (Sirsi) u62584
041 ## - LANGUAGE CODE
Language code of text/sound track or separate title eng
050 ## - LIBRARY OF CONGRESS CALL NUMBER
Classification number 346.4307
100 ## - MAIN ENTRY--PERSONAL NAME
Personal name Boecker, Michael H.
245 ## - TITLE STATEMENT
Title Germany: practical commercial law.
260 ## - PUBLICATION, DISTRIBUTION, ETC.
Place of publication, distribution, etc. London
Name of publisher, distributor, etc. Longman
Date of publication, distribution, etc. 1992
300 ## - PHYSICAL DESCRIPTION
Extent x,161p. ; 22cm.
350 ## - PRICE (NR) (BK AM CF MU VM SE) [OBSOLETE]
Price 30
490 ## - SERIES STATEMENT
Series statement European Commercial Law Series
520 ## - SUMMARY, ETC.
Summary, etc. After an introduction explaining the legal profession and court system in Germany, the book provides a brief guide to all aspects of German commercial law.
650 ## - SUBJECT ADDED ENTRY--TOPICAL TERM
Topical term or geographic name entry element COMMERCIAL LAW
690 ## - LOCAL SUBJECT ADDED ENTRY--TOPICAL TERM (OCLC, RLIN)
Topical term or geographic name as entry element OVERSEAS-EUROPE
700 ## - ADDED ENTRY--PERSONAL NAME
Personal name Maerzheuser, Babette
700 ## - ADDED ENTRY--PERSONAL NAME
Personal name Nusser, Michael
700 ## - ADDED ENTRY--PERSONAL NAME
Personal name Scheja, Katharina
700 ## - ADDED ENTRY--PERSONAL NAME
Personal name Hudson, Alexis Maitland
International Standard Serial Number Editor
942 ## - ADDED ENTRY ELEMENTS (KOHA)
Suppress in OPAC 0
948 ## - LOCAL PROCESSING INFORMATION (OCLC); SERIES PART DESIGNATOR (RLIN)
c (OCLC) 04/03/1997
Holdings
Withdrawn status Lost status Source of classification or shelving scheme Damaged status Not for loan Home library Current library Shelving location Date acquired Cost, normal purchase price Total Checkouts Full call number Barcode Date last seen Date last checked out Copy number Cost, replacement price Price effective from Koha item type
    Dewey Decimal Classification     London London Books 31/07/1992 30.00 4 346.4307 30033810 06/08/2019 01/07/2002 1 30.00 06/08/2019 Book